| 000 | 00716nac a22001931u 4500 | ||
|---|---|---|---|
| 008 | 100906s2004 n |||||r|||| 00| 0 eng d | ||
| 010 | _a2003051711 | ||
| 020 | _a0131018604 | ||
| 082 | 0 | 0 |
_a005.133 _bAND _222 |
| 100 |
_aStaugaard, Andrew C. _918183 |
||
| 245 | 1 | 0 |
_aInformation systems programming with Java / _cAndrew C. Staugaard, Jr. |
| 250 | _a2nd ed. | ||
| 260 |
_aUpper Saddle River, NJ : _bPearson/Prentice Hall, _c2004. |
||
| 300 |
_axxiii, 783 p. : _bill. ; _c24 cm. _e+1 CD-ROM (4 3/4 in.) |
||
| 650 | 0 |
_aJava (Computer program language) _918184 |
|
| 650 | 0 |
_aObject-oriented programming (Computer science) _918185 |
|
| 650 | 0 |
_aManagement information systems. _918186 |
|
| 942 |
_cBB _k005.133S7985 _2ddc |
||
| 999 |
_c525 _d525 |
||